书目信息 |
| 题名: |
蝶泳
|
|
| 作者: | 许胜才 编著 | |
| 分册: | ||
| 出版信息: | 长春 吉林文史出版社 2015 |
|
| 页数: | 186页 | |
| 开本: | 24cm | |
| 丛书名: | ||
| 单 册: | ||
| 中图分类: | G861.14 | |
| 科图分类: | ||
| 主题词: | 蝶泳--基本知识 | |
| 电子资源: | ||
| ISBN: | 978-7-5472-1917-1 | |
| 000 | 00713nam0 2200229 450 | |
| 001 | 1817 | |
| 005 | 20180522145024.79 | |
| 010 | @a978-7-5472-1917-1@dCNY29.80 | |
| 100 | @a20151101d2015 em y0chiy50 ea | |
| 101 | 0 | @achi |
| 102 | @aCN@b220000 | |
| 105 | @aa z 000yy | |
| 200 | 1 | @a蝶泳@9die yong@f许胜才编著 |
| 210 | @a长春@c吉林文史出版社@d2015 | |
| 215 | @a186页@c彩图@d24cm | |
| 300 | @a最受欢迎的全民健身项目指导用书 彩图版 | |
| 330 | @a本书以统一的体例、创新的形式,讲解了蝶泳的起源与发展、运动保健、基本技术、运动技巧、比赛规则等内容。 | |
| 606 | 0 | @a蝶泳@x基本知识 |
| 690 | @aG861.14@v5 | |
| 701 | 0 | @a许胜才@9xu sheng cai@4编著 |
| 801 | 0 | @aCN@b91MARC@c20151101 |
| 905 | @aMuseLib@dG861.14@e85 | |
| 蝶泳/许胜才编著.-长春:吉林文史出版社,2015 |
| 186页:彩图;24cm |
| 最受欢迎的全民健身项目指导用书 彩图版 |
| ISBN 978-7-5472-1917-1:CNY29.80 |
| 本书以统一的体例、创新的形式,讲解了蝶泳的起源与发展、运动保健、基本技术、运动技巧、比赛规则等内容。 |
| ● |
| 相关链接 |
|
|
|
|
正题名:蝶泳
索取号:G861.14/85
 
预约/预借
| 序号 | 登录号 | 条形码 | 馆藏地/架位号 | 状态 | 备注 |
| 1 | 1106753 | 211067539 | 第一样本阅览室/ [索取号:G861.14/85] | 在馆 | |
| 2 | 1106754 | 211067548 | 教育系资料室/ [索取号:G861.14/85] | 在馆 | |
| 3 | 1106755 | 211067557 | 教育系资料室/ [索取号:G861.14/85] | 在馆 | |
| 4 | 1106756 | 211067566 | 教育系资料室/ [索取号:G861.14/85] | 在馆 | |
| 5 | 1106757 | 211067575 | 第四借阅区/ [索取号:G861.14/85] | 在馆 | |
| 6 | 1106758 | 211067584 | 第四借阅区/ [索取号:G861.14/85] | 在馆 |